00763 a2200205 4500003000500000005001700005040000900022082001000031100002800041245011300069260003300182300001400215505014100229538003100370650001400401651001100415942000800426999001900434952010400453Nust20170207153552.0 cNust a005.8 aKhalid, Asma (MSIS-6) aA secure group Re-keying scheme with compromised node revocation in wireless sencor networkscAsma Khalid,  bMCS (NUST)c2011aRawalpindi ax, 45, p; aIntroduction (page-1) Literature survey (page-4) Proposed technique (page-16) Analysis and implementation (page-24) Conclusion (page-41) a Almirah No.70 Shelf No.5 aPG Thesis aMSIS-6 cTHS c188918d188918 00102ddc40708NFICaMCSbMCSd2016-12-12l0o005.8 KHApMCSTIS-159r2016-12-08w2016-12-12yBK